Statistics for Walking across American Borders: from French Guiana to Canada

Click here to take the quiz!

General Stats

  • This quiz has been taken 2,153 times
  • The average score is 18 of 21

Answer Stats

French Guyana% Correct
Suriname
99%
Venezuela
97%
Guyana
96%
Brazil
91%
United States
89%
Mexico
88%
Argentina
86%
Chile
86%
Uruguay
86%
Panama
86%
Costa Rica
86%
Honduras
86%
Belize
86%
Paraguay
85%
Bolivia
85%
Peru
85%
Colombia
85%
Nicaragua
85%
El Salvador
85%
Guatemala
85%
Ecuador
85%

Score Distribution

Percentile by Number Answered

Percent of People with Each Score

Your Score History

You have not taken this quiz